000
00262nam a2200109Ia 4500
008
220204s9999 xx 000 0 und d
082
_a
929A/Z(WAY)
_b
CAR
100
_a
Carpozi, George
245
0
_a
John Wayne story
260
_a
New York
_b
Dell
_c
1972
942
_c
BK
999
_c
35123
_d
35123